Statistics for Utah A-Z

Click here to take the quiz!

General Stats

  • This quiz has been taken 128 times
  • The average score is 17 of 25

Answer Stats

HintAnswer% Correct
FIntersection with three other statesFour Corners
91%
CLongest river in UtahColorado River
87%
YFounder of Salt Lake CityBrigham Young
85%
LThe Mormon church, alternatively{Latter}-day Saints
85%
WEvent hosted in 2002Winter Olympics
83%
GLargest lake in interior U.S.Great Salt Lake
82%
NLargest Indian reservationNavajo Nation
82%
ZNational park near SpringdaleZion
82%
DWhat is a Utahraptor?Dinosaur
80%
ANational park of Delicate ArchArches
77%
BState nickname{Beehive} State
77%
JUtah's NBA teamJazz
77%
R2012 GOP presidential candidateMitt Romney
77%
PThird-biggest city in UtahProvo
77%
SFilm festival in Park CitySundance
76%
VWest ______ CityValley
71%
MRegion of buttes featured in
many movie Westerns
{Monument}
Valley
63%
UTerm for someone from UtahUtahn
62%
EState mammal: Rocky Mountain ...Elk
59%
OFamily of singers from OgdenOsmonds
59%
TFamous Mormon complex in SLCTemple Square
55%
QState tree{Quaking} aspen
53%
KHighest peak in Utah{King}s Peak
44%
HGovernor of Utah, 2009-2021Gary Herbert
28%
IState mottoIndustry
26%

Score Distribution

Percentile by Number Answered

Percent of People with Each Score

Your Score History

You have not taken this quiz